LEADER 03238oam 2200709I 450 001 9910457273403321 005 20200520144314.0 010 $a1-135-88797-7 010 $a9786610225118 010 $a1-280-22511-4 010 $a0-203-34007-8 024 7 $a10.4324/9780203340073 035 $a(CKB)1000000000358574 035 $a(EBL)199665 035 $a(OCoLC)191035270 035 $a(SSID)ssj0000258136 035 $a(PQKBManifestationID)11204411 035 $a(PQKBTitleCode)TC0000258136 035 $a(PQKBWorkID)10256075 035 $a(PQKB)10443816 035 $a(SSID)ssj0000387244 035 $a(PQKBManifestationID)11266730 035 $a(PQKBTitleCode)TC0000387244 035 $a(PQKBWorkID)10403302 035 $a(PQKB)11720675 035 $a(MiAaPQ)EBC199665 035 $a(Au-PeEL)EBL199665 035 $a(CaPaEBR)ebr10162615 035 $a(CaONFJC)MIL22511 035 $a(OCoLC)252726402 035 $a(EXLCZ)991000000000358574 100 $a20180706d2004 uy 0 101 0 $aeng 135 $aur|n|---||||| 181 $ctxt 182 $cc 183 $acr 200 10$aTheory for religious studies /$fWilliam E. Deal and Timothy K. Beal 210 1$aNew York :$cRoutledge,$d2004. 215 $a1 online resource (144 p.) 225 1 $aTheory4 300 $aDescription based upon print version of record. 311 $a0-415-96638-8 311 $a0-415-96639-6 320 $aIncludes bibliographical references. 327 $aSigmund Freud -- Karl Marx -- Friedrich Nietzsche -- Ferdinand de Saussure -- Louis Althusser -- Mikhail Bakhtin -- Roland Barthes -- Georges Bataille -- Jean Baudrillard -- Walter Benjamin -- Pierre Bourdieu -- Judith Butler -- He?le?ne Cixous -- Gilles Deleuze and Fe?lix Guattari -- Jacques Derrida -- Michel Foucault -- Hans-Georg Gadamer -- Luce Irigaray -- Julia Kristeva -- Jacques Lacan -- Henri Lefebvre -- Emmanuel Levinas -- Jean-Francois Lyotard -- Maurice Merleau-Ponty -- Edward W. Said -- Gayatri Chakravorty Spivak -- Hayden White -- Raymond Williams -- Slavoj Ziz?ek. 330 $aTheory for Religious Studies presents the key theoretical influences on religious studies since the 1960s - an essential guide to the figures and ideas animating religious studies today. Drawing on thier complementary knowledge of Eastern and Western religious traditions, William Deal and Timothy Beal begin with four foundartional figures - Marx, Nietzsche, Saussure and Freud - and go on to provide guided introductions to Althusser, Bakhtin, Barthes, Bataille, Baudrillard, Benjamin, Bourdieu, Butler, Cixous, Deleuze and Guattari, Derrida, Foucault, Gadamer, Irigaray, Kristeva, Lacan, Lefebvre, 410 0$aTheory4. 606 $aReligion$xStudy and teaching$xMethodology 608 $aElectronic books. 615 0$aReligion$xStudy and teaching$xMethodology. 676 $a200/.71 686 $a11.01$2bcl 700 $aDeal$b William E.$0891884 701 $aBeal$b Timothy K$g(Timothy Kandler),$f1963-$0856729 801 0$bMiAaPQ 801 1$bMiAaPQ 801 2$bMiAaPQ 906 $aBOOK 912 $a9910457273403321 996 $aTheory for religious studies$92003213 997 $aUNINA LEADER 02310nam 22006011 450 001 9910965802503321 005 20251116193007.0 010 $a1-58983-764-9 010 $a1-58983-671-5 035 $a(CKB)2550000001131425 035 $a(EBL)3118286 035 $a(SSID)ssj0001044256 035 $a(PQKBManifestationID)11580840 035 $a(PQKBTitleCode)TC0001044256 035 $a(PQKBWorkID)11080255 035 $a(PQKB)10480933 035 $a(MiAaPQ)EBC3118286 035 $a(Au-PeEL)EBL3118286 035 $a(CaPaEBR)ebr10783710 035 $a(CaONFJC)MIL531134 035 $a(OCoLC)922968131 035 $a(EXLCZ)992550000001131425 100 $a20131021h20132013 uy 0 101 0 $aeng 135 $aur|n|---||||| 181 $ctxt 182 $cc 183 $acr 200 14$aThe Kingdoms of Israel and Judah in the eighth and seventh centuries B.C.E. /$fby Antoon Schoors ; translated by Michael Lesley 210 1$aAtlanta :$cSociety of Biblical Literature,$d[2013] 210 4$dİ2013 215 $a1 online resource (317 p.) 225 1 $aSociety of Biblical Literature biblical encyclopedia series ;$vno. 5 300 $aDescription based upon print version of record. 311 08$a1-58983-264-7 311 08$a1-299-99883-6 320 $aIncludes bibliographical references and index. 327 $a""Contents""; ""Foreword""; ""Timeline""; ""Abbreviations""; ""Map: Palestine in the Iron Age""; ""Acknowledgments for Figures""; ""I. The Biblical Depiction of the Period""; ""II. The History of the Era""; ""III. The Literature of the Era""; ""IV. The Theological Significance of the Era""; ""Index of Names""; ""Index of Authors""; ""Index of Subjects""; ""Index of Biblical References"" 410 0$aBiblische Enzyklopa?die.$lEnglish ;$vv. 5. 606 $aJews$xHistory$yTo 586 B.C 606 $aJudaism$xHistory 615 0$aJews$xHistory 615 0$aJudaism$xHistory. 676 $a222/.54095 700 $aSchoors$b Antoon$f1934-$0169424 701 $aLesley$b Michael$g(Michael J.)$01863045 801 0$bMiAaPQ 801 1$bMiAaPQ 801 2$bMiAaPQ 906 $aBOOK 912 $a9910965802503321 996 $aThe Kingdoms of Israel and Judah in the eighth and seventh centuries B.C.E$94469389 997 $aUNINA